[Event "IMSA Rapid Women 2019"]
[Site "Hengshui"]
[Date "2019.05.16"]
[Round "9.13"]
[White "Paehtz, Elisabeth"]
[Black "Dzagnidze, Nana"]
[Result "1-0"]
[WhiteElo "2470"]
[BlackElo "2510"]
[Annotator "TA"]
[PlyCount "65"]
[EventDate "2019.05.14"]
[EventType "rapid"]
[EventCountry "CHN"]
[SourceTitle "playchess.com"]
[Source "ChessBase"]
[SourceQuality "1"]

{[%evp 16,103,34,33,33,30,45,34,49,41,75,77,59,82,84,26,28,31,28,23,22,22,0,0,0,0,32,27,136,122,162,0,55,47,21,0,72,50,65,72,68,75,84,98,64,75,516,468,803,804,773,437,481,452,491,489,547,533,533,521,500,274,939,877,1336,1152,1119,1083,5406,654,7603,4299,29968,5562,29978,29979,29979,29980,29979,29981,29981,29982,29982,29983,29982,29980,29993,29992,29992,29981]} 1. e4 c6 2. d4 d5 3. exd5 cxd5 4. Nf3 Nc6 5. c3 g6 6. Be2 Bg7 7. O-O Nf6 8. Bf4 O-O 9. h3 Ne4 {D02: 1 d4 d5 2 Nf3 sidelines, including 2...Nf6 3 g3 and 2...Nf6 3 Bf4} 10. Nbd2 Nd6 11. Re1 a6 {White is slightly better.} 12. Bf1 b5 13. a4 b4 14. Ne5 Bb7 15. Nb3 (15. Nd3 $16) 15... bxc3 $11 16. bxc3 Nxe5 17. dxe5 Nc4 $1 18. Nd4 e6 19. Rb1 {Hoping for Bxc4.} Rb8 20. Qg4 Qd7 21. h4 h5 {[#]} (21... Ba8 $11) 22. Qh3 $1 $16 Bc6 {[#]} 23. Bd3 $2 (23. Rxb8 $1 $18 Rxb8 24. g4) 23... Nb2 (23... Rxb1 $11 24. Bxb1 Bxa4) 24. Bxa6 Nxa4 25. Bf1 Rfc8 (25... Rxb1 $1 $11 26. Rxb1 Qc7) 26. Rbc1 Qa7 27. g4 hxg4 28. Qxg4 Be8 29. Be3 Qd7 30. h5 gxh5 $2 {[%mdl 8192]} (30... Nxc3 $16 31. hxg6 fxg6) 31. Qg3 $18 Kf8 (31... Qe7 $142 32. Bg5 Qf8) 32. Bg5 {Bf6 would kill now.} Qc7 33. Qh4 {Played: Qg3-f4} 1-0

[Event "IMSA Rapid Women 2019"]
[Site "Hengshui"]
[Date "2019.05.16"]
[Round "9.14"]
[White "Krush, Irina"]
[Black "Harika, Dronavalli"]
[Result "1-0"]
[WhiteElo "2422"]
[BlackElo "2492"]
[Annotator "TA"]
[PlyCount "33"]
[EventDate "2019.05.14"]
[EventType "rapid"]
[EventCountry "CHN"]
[SourceTitle "playchess.com"]
[Source "ChessBase"]
[SourceQuality "1"]

{[%evp 9,71,12,91,93,183,187,257,261,258,260,254,248,271,261,269,245,323,310,316,328,599,577,690,680,648,542,519,514,513,483,498,366,532,540,540,531,595,540,539,529,463,404,487,483,519,503,904,573,562,561,811,552,540,531,679,669,641,667,736,752,937,923,853,781]} 1. d4 f5 2. c4 Nf6 3. Nc3 d6 4. g3 e5 5. Bg2 e4 (5... Be7 $11) 6. f3 $16 {A21: English Opening: 1...e5 2 Nc3} d5 (6... exf3 $16 7. exf3 (7. Nxf3 Be7 $16) 7... d5) (6... exf3 7. Nxf3 Be7 8. O-O O-O 9. d5 Na6 10. Nd4 Ng4 11. Bh3 Qe8 12. e4 Qh5 13. Bxg4 fxg4 14. Rxf8+ Bxf8 {1-0 (49) Ponkratov,P (2573)-Romanov,E (2642) Kolomna 2016}) 7. cxd5 $18 exf3 $146 (7... c6 $142 8. fxe4 fxe4) ({Predecessor:} 7... c6 8. dxc6 Nxc6 9. e3 Bb4 10. Bd2 O-O 11. Qb3+ Kh8 12. Nh3 exf3 13. Bxf3 Qe7 {1-0 (46) Bandres,J-Andreu de Reus,R Spain 1993}) 8. Nxf3 {White has a decisive advantage.} Bd6 9. O-O O-O 10. Ng5 Qe7 {[#]} 11. Ne6 $1 {[%mdl 512]} Bxe6 12. dxe6 c6 13. Qb3 ({Resist} 13. Rxf5 $6 Qxe6 14. Rf3 Bc7 $18) 13... Na6 14. Rxf5 g6 $2 (14... Nc7 15. e4 Qxe6) 15. Rf1 Ng4 {Now ...Rxf1+ and Black clings on.} 16. Rxf8+ Rxf8 17. Ne4 {Played: Bc1-g5} 1-0

[Event "IMSA Rapid Women 2019"]
[Site "Hengshui"]
[Date "2019.05.16"]
[Round "9.15"]
[White "Koneru, Humpy"]
[Black "Ushenina, Anna"]
[Result "1/2-1/2"]
[WhiteElo "2553"]
[BlackElo "2442"]
[Annotator "TA"]
[PlyCount "96"]
[EventDate "2019.05.14"]
[EventType "rapid"]
[EventCountry "CHN"]
[SourceTitle "playchess.com"]
[Source "ChessBase"]
[SourceQuality "1"]

{[%evp 9,96,13,14,17,24,9,9,7,25,21,11,25,28,0,18,12,21,0,0,-37,-15,-26,-27,-31,-20,-24,-31,-31,-32,-51,-45,-58,-23,-31,-18,-18,-9,-22,-12,-19,-19,-19,-10,-25,-18,-77,-14,-10,-6,-8,-14,-27,-10,-18,-11,-48,-20,-40,-2,-12,-4,-11,-11,-11,-11,-51,0,0,0,0,0,-8,-8,-8,0,0,0,0,0,0,0,0,0,-2,-1,-1,0,0,0]} 1. d4 Nf6 2. Nf3 d5 3. c4 e6 4. e3 a6 5. b3 c5 6. Bb2 {D30: Queen's Gambit Declined: Systems without Nc3} Nc6 7. Nbd2 cxd4 8. exd4 g6 9. Bd3 Bg7 10. O-O O-O 11. Rc1 dxc4 12. bxc4 b5 13. cxb5 Nb4 {[%cal Bc6b4,Bb4a2,Ba2c3][%mdl 32]} 14. Bc4 axb5 15. Bxb5 Nxa2 16. Ra1 {[#] Black must now prevent Bc4.} Ba6 17. Bxa6 Rxa6 18. Nc4 {next Ba3 is good for White.} Nd5 19. Ba3 Nac3 20. Qc2 Re8 (20... Qa8 $5 {[%cal Rf8c8]} 21. Bb2 Na4 $17) 21. Bb2 Rxa1 22. Rxa1 Qc7 23. Nce5 Rc8 24. h3 Qb7 25. Bxc3 Rxc3 26. Qa2 Bf8 27. Qa7 (27. Qa8 $11 Qc8 28. Qxc8 Rxc8 29. g3) 27... Rc7 ({Black should try} 27... Qxa7 $17 28. Rxa7 f6) 28. Qxb7 $11 Rxb7 29. g3 f6 30. Nc4 Kf7 31. Kg2 Rc7 32. Ncd2 Be7 33. h4 h5 34. Ra2 Nb4 35. Rb2 Rd7 36. Ne4 Nc6 37. Rd2 Rd5 (37... Bd8 $15) 38. Nc3 {The position is equal.} Rd8 39. d5 exd5 40. Rxd5 Rxd5 41. Nxd5 {[%mdl 4096] Endgame KBN-KNN} Bc5 42. Nd2 Bd4 43. Nb3 Bb2 44. f3 Ke6 45. Nf4+ Kf7 46. Nd3 Bc3 47. Kf2 Bd4+ 48. Nxd4 Nxd4 {Accuracy: White = 54%, Black = 53%.} 1/2-1/2

[Event "IMSA Rapid Women 2019"]
[Site "Hengshui"]
[Date "2019.05.16"]
[Round "9.16"]
[White "Stefanova, Antoaneta"]
[Black "Khotenashvili, Bela"]
[Result "1/2-1/2"]
[WhiteElo "2470"]
[BlackElo "2476"]
[Annotator "TA"]
[PlyCount "118"]
[EventDate "2019.05.14"]
[EventType "rapid"]
[EventCountry "CHN"]
[SourceTitle "playchess.com"]
[Source "ChessBase"]
[SourceQuality "1"]

{[%evp 9,118,0,7,10,20,26,18,-4,0,0,34,0,0,10,8,14,34,39,36,35,31,28,28,33,27,17,30,29,28,17,70,32,291,33,40,37,44,29,84,78,85,75,78,25,35,26,47,40,47,47,23,22,47,15,25,24,14,14,23,0,17,16,9,0,0,0,0,0,0,0,5,0,0,0,0,0,0,0,0,0,0,0,19,24,77,0,0,0,0,0,0,0,0,0,0,0,0,0,0,0,0,0,0,0,0,0,0,0,0,0,0]} 1. d4 Nf6 2. Nc3 d5 3. Bf4 a6 4. e3 e6 5. g4 c5 6. g5 {D00: 1 d4 d5: Unusual lines} Nfd7 7. Nf3 Nc6 8. Bg2 Be7 9. h4 h6 10. Qd2 (10. gxh6 {keeps more tension.} gxh6 11. Qd2 cxd4 12. exd4 Qa5 13. O-O) 10... hxg5 11. hxg5 Rxh1+ 12. Bxh1 Nf8 13. dxc5 Bxc5 14. O-O-O Ng6 15. Bg3 Bd7 16. Ne2 Bb4 17. Qd3 Be7 18. Kb1 Qa5 19. a3 Rd8 ({Better is} 19... Qb5 $1 $11) 20. Bg2 b5 $2 {[%mdl 8192]} (20... Qb5 $14) 21. Ned4 $2 (21. Nf4 $18 Nxf4 22. Bxf4) 21... b4 $1 $14 {[%cal Rb4a3]} 22. Nxc6 Bxc6 23. axb4 Bxb4 (23... Qxb4 $11 24. Nd4 (24. Qxa6 Bb7 $11) 24... Bb5 25. Nxb5 axb5) 24. Nd4 $16 Bb5 25. Nxb5 axb5 26. c3 (26. Bf1 $16) 26... Be7 27. Bf1 b4 28. Qb5+ Qxb5 29. Bxb5+ Kf8 30. cxb4 Bxb4 31. Bc7 Ra8 32. Bd3 Ne7 33. Rh1 {[#] Threatens to win with Rh8+.} Kg8 $1 34. e4 dxe4 35. Bxe4 Nd5 36. Be5 Rd8 37. Rh7 Bf8 38. Rh3 Bd6 39. Bxd6 Rxd6 $11 {[%mdl 4096] Endgame KRB-KRN} 40. Rd3 (40. Ra3 {seems wilder.} Rd8 41. Kc2 Kf8 42. f3 Rd7 43. Rb3) 40... Kf8 41. Bxd5 exd5 {KR-KR} 42. b4 Rb6 43. Rb3 Ke7 44. Kc2 Ke6 45. Kc3 Kf5 46. b5 {Kd4 is the strong threat.} Ke4 {[#]} (46... Rb8 $11) 47. Rb4+ ({White should try} 47. Kb4 $1 $16 {[%cal Rb4c5] Black must now prevent Kc5.} Kd4 48. Ra3) 47... Ke5 {The position is equal.} 48. f4+ Kd6 49. Kd4 Rb8 50. b6 Kc6 51. b7 Rxb7 52. Rxb7 Kxb7 53. Kxd5 {White threatens Kd6 and mate. KPP-KPP} Kc7 54. g6 Kd7 55. f5 {White wants to mate with f6.} Ke7 (55... f6 $5) 56. Ke5 fxg6 57. fxg6 Kd7 58. Kd5 Ke7 {( -> ...Kf6)} 59. Ke5 Kd7 {Accuracy: White = 51%, Black = 60%.} 1/2-1/2

[Event "IMSA Rapid Women 2019"]
[Site "Hengshui"]
[Date "2019.05.16"]
[Round "10.9"]
[White "Krush, Irina"]
[Black "Kosteniuk, Alexandra"]
[Result "0-1"]
[WhiteElo "2422"]
[BlackElo "2546"]
[Annotator "RC"]
[PlyCount "128"]
[EventDate "2019.05.14"]
[EventType "rapid"]
[EventCountry "CHN"]
[SourceTitle "playchess.com"]
[Source "ChessBase"]
[SourceQuality "1"]
[TimeControl "900+10"]

1. c4 {[%emt 0:00:00]} e5 {[%emt 0:00:00]} 2. Nc3 {[%emt 0:00:06]} Nf6 {[%emt 0:00:00]} 3. g3 {[%emt 0:00:05]} d5 {[%emt 0:00:00]} 4. cxd5 {[%emt 0:00:04]} Nxd5 {[%emt 0:00:00]} 5. Bg2 {[%emt 0:00:02]} Nb6 {[%emt 0:00:01]} 6. Nf3 {[%emt 0:00:12]} Nc6 {[%emt 0:00:02]} 7. d3 {[%emt 0:00:12]} Be7 {[%emt 0:00:02]} 8. a3 {[%emt 0:00:06]} Be6 {[%emt 0:00:10]} 9. O-O {[%emt 0:00:09]} O-O {[%emt 0:00:03]} 10. Be3 {[%emt 0:00:06]} a5 {[%emt 0:00:26]} 11. Rc1 {[%emt 0:00:24]} Nd5 {[%emt 0:00:49]} 12. Nxd5 {[%emt 0:00:17]} Bxd5 {[%emt 0:00:02]} 13. Nd2 {[%emt 0:00:17]} Bxg2 {[%emt 0:00:29]} 14. Kxg2 {[%emt 0:00:02]} a4 {[%emt 0:00:21]} 15. Qc2 {[%emt 0:00:47]} f5 {[%emt 0:00:42]} 16. Qc4+ {[%emt 0:01:28]} Kh8 {[%emt 0:00:06]} 17. f3 {[%emt 0:01:19]} Bf6 {[%emt 0:01:09]} 18. Qb5 {[%emt 0:01:18]} Qc8 {[%emt 0:00:14]} 19. Nc4 {[%emt 0:01:24]} Re8 {[%emt 0:00:12]} 20. Rc2 {[%emt 0:00:34]} Re6 {[%emt 0:01:27]} 21. Rb1 {[%emt 0:00:38]} f4 {[%emt 0:00:56]} 22. Bf2 {[%emt 0:00:22]} Nd4 {[%emt 0:00:05]} 23. Bxd4 {[%emt 0:00:13]} exd4 {[%emt 0:00:01]} 24. gxf4 {[%emt 0:01:08]} c6 {[%emt 0:00:17]} 25. Qh5 {[%emt 0:01:03]} Qc7 {[%emt 0:00:06]} 26. f5 {[%emt 0:01:05]} Re7 {[%emt 0:00:01]} 27. f4 {[%emt 0:01:30]} Qxf4 {[%emt 0:00:04]} 28. Rf1 {[%emt 0:00:07]} Qg5+ {[%emt 0:02:21]} 29. Qxg5 {[%emt 0:00:03]} Bxg5 {[%emt 0:00:01]} 30. Nd6 {[%emt 0:00:17]} Be3 {[%emt 0:00:47]} 31. Ne4 {[%emt 0:00:14]} Ra5 {[%emt 0:00:05]} 32. Rc5 {[%emt 0:01:01]} Rxc5 {[%emt 0:02:09]} 33. Nxc5 {[%emt 0:00:02]} Re5 {[%emt 0:02:02]} 34. Nxb7 {[%emt 0:00:13]} Bg5 {[%emt 0:00:39]} 35. Nd6 {[%emt 0:01:22]} Rxe2+ {[%emt 0:00:01]} 36. Rf2 {[%emt 0:00:27]} Rxf2+ {[%emt 0:00:02]} 37. Kxf2 {[%emt 0:00:02]} Bf4 {[%emt 0:00:01]} 38. Nc4 {[%emt 0:00:33]} Bxh2 {[%emt 0:01:58]} 39. Nb6 {[%emt 0:00:01]} Kg8 {[%emt 0:00:04]} 40. Nxa4 {[%emt 0:00:06]} Kf7 {[%emt 0:00:01]} 41. Kf3 {[%emt 0:00:18]} h5 {[%emt 0:00:25]} 42. Nc5 {[%emt 0:00:07]} Ke7 {[%emt 0:00:04]} 43. Ne6 {[%emt 0:00:55]} Be5 {[%emt 0:00:32]} 44. Ke4 {[%emt 0:00:13]} Kd6 {[%emt 0:00:09]} 45. b4 {[%emt 0:00:17]} h4 {[%emt 0:00:11]} 46. Ng5 {[%emt 0:00:06]} Bf6 {[%emt 0:00:18]} 47. Nh3 {[%emt 0:00:15]} Kc7 {[%emt 0:00:18]} 48. a4 {[%emt 0:00:26]} Be7 {[%emt 0:00:05]} 49. Kxd4 {[%emt 0:00:08]} Bxb4 {[%emt 0:00:01]} 50. Ke4 {[%emt 0:00:28]} Kb6 {[%emt 0:00:13]} 51. Ng5 {[%emt 0:00:10]} Be7 {[%emt 0:00:08]} 52. Ne6 {[%emt 0:00:11]} Bf6 {[%emt 0:00:02]} 53. Kf4 {[%emt 0:00:25]} Ka5 {[%emt 0:00:03]} 54. Nc5 {[%emt 0:00:08]} Kb4 {[%emt 0:00:26]} 55. Ne4 {[%emt 0:00:01]} Bd8 {[%emt 0:00:13]} 56. d4 {[%emt 0:00:22]} Kc4 {[%emt 0:00:05]} 57. Kg4 {[%emt 0:00:21]} Kxd4 {[%emt 0:00:11]} 58. Nd6 {[%emt 0:00:05]} c5 {[%emt 0:00:21]} 59. a5 {[%emt 0:00:19]} Bxa5 {[%emt 0:00:27]} 60. Kxh4 {[%emt 0:00:03]} c4 {[%emt 0:00:22]} 61. Kg5 {[%emt 0:00:07]} c3 {[%emt 0:00:09]} 62. Nb5+ {[%emt 0:00:05]} Kc4 {[%emt 0:00:13]} 63. Na3+ {[%emt 0:00:20]} Kb3 {[%emt 0:00:01]} 64. Nb5 {[%emt 0:00:10]} Bd8+ {[%emt 0:00:04]} 0-1

[Event "IMSA Rapid Women 2019"]
[Site "Hengshui"]
[Date "2019.05.16"]
[Round "10.10"]
[White "Tan, Zhongyi"]
[Black "Muzychuk, Mariya"]
[Result "1/2-1/2"]
[WhiteElo "2513"]
[BlackElo "2563"]
[Annotator "ChessBase"]
[PlyCount "67"]
[EventDate "2019.05.14"]
[EventType "rapid"]
[EventCountry "CHN"]
[SourceTitle "playchess.com"]
[Source "ChessBase"]
[SourceQuality "1"]
[TimeControl "900+10"]

1. c4 {[%emt 0:00:00]} c5 {[%emt 0:00:00]} 2. Nc3 {[%emt 0:00:00]} Nc6 {[%emt 0:00:00]} 3. Nf3 {[%emt 0:00:01]} g6 {[%emt 0:00:02]} 4. e3 {[%emt 0:00:04]} Nf6 {[%emt 0:00:03]} 5. d4 {[%emt 0:00:01]} cxd4 {[%emt 0:00:01]} 6. exd4 {[%emt 0:00:02]} d5 {[%emt 0:00:05]} 7. cxd5 {[%emt 0:00:02]} Nxd5 {[%emt 0:00:04]} 8. Qb3 {[%emt 0:00:02]} e6 {[%emt 0:00:14]} 9. Bb5 {[%emt 0:00:34]} Bg7 {[%emt 0:00:15]} 10. Qa3 {[%emt 0:02:20]} Qe7 {[%emt 0:01:12]} 11. Qxe7+ {[%emt 0:01:58]} Kxe7 {[%emt 0:00:07]} 12. Nxd5+ {[%emt 0:01:07]} exd5 {[%emt 0:00:01]} 13. Bg5+ {[%emt 0:00:19]} f6 {[%emt 0:01:02]} 14. Bxc6 {[%emt 0:01:31]} bxc6 {[%emt 0:00:27]} 15. Bd2 {[%emt 0:00:01]} Bg4 {[%emt 0:00:53]} 16. Rc1 {[%emt 0:00:15]} Bxf3 {[%emt 0:00:30]} 17. gxf3 {[%emt 0:00:02]} Kd7 {[%emt 0:00:22]} 18. Ke2 {[%emt 0:00:03]} f5 {[%emt 0:02:12]} 19. Kd3 {[%emt 0:00:03]} Rhb8 {[%emt 0:00:46]} 20. Rc2 {[%emt 0:00:35]} a5 {[%emt 0:01:01]} 21. h4 {[%emt 0:00:10]} Bf6 {[%emt 0:00:42]} 22. Bg5 {[%emt 0:01:13]} Bg7 {[%emt 0:02:21]} 23. Bd2 {[%emt 0:00:22]} Bf6 {[%emt 0:00:10]} 24. h5 {[%emt 0:00:21]} g5 {[%emt 0:00:15]} 25. h6 {[%emt 0:00:02]} f4 {[%emt 0:00:32]} 26. Rhc1 {[%emt 0:00:49]} Ra6 {[%emt 0:00:53]} 27. b3 {[%emt 0:00:12]} Be7 {[%emt 0:00:50]} 28. Re1 {[%emt 0:00:23]} Bf6 {[%emt 0:00:31]} 29. Bc3 {[%emt 0:00:08]} a4 {[%emt 0:00:18]} 30. b4 {[%emt 0:00:13]} Raa8 {[%emt 0:00:59]} 31. Bd2 {[%emt 0:00:40]} Ra6 {[%emt 0:00:42]} 32. Bc3 {[%emt 0:00:34]} Raa8 {[%emt 0:00:16]} 33. Bd2 {[%emt 0:00:02]} Ra6 {[%emt 0:00:01]} 34. Bc3 {[%emt 0:00:02]} 1/2-1/2

[Event "IMSA Rapid Women 2019"]
[Site "Hengshui"]
[Date "2019.05.16"]
[Round "10.11"]
[White "Bodnaruk, Anastasia"]
[Black "Abdumalik, Zhansaya"]
[Result "1-0"]
[WhiteElo "2431"]
[BlackElo "2464"]
[Annotator "ChessBase"]
[PlyCount "91"]
[EventDate "2019.05.14"]
[EventType "rapid"]
[EventCountry "CHN"]
[SourceTitle "playchess.com"]
[Source "ChessBase"]
[SourceQuality "1"]
[TimeControl "900+10"]

1. e4 {[%emt 0:00:00]} e5 {[%emt 0:00:00]} 2. Nf3 {[%emt 0:00:00]} Nc6 {[%emt 0:00:00]} 3. Bb5 {[%emt 0:00:00]} a6 {[%emt 0:00:00]} 4. Ba4 {[%emt 0:00:00]} Nf6 {[%emt 0:00:00]} 5. O-O {[%emt 0:00:00]} Be7 {[%emt 0:00:04]} 6. Re1 {[%emt 0:00:01]} b5 {[%emt 0:00:04]} 7. Bb3 {[%emt 0:00:01]} O-O {[%emt 0:00:03]} 8. a4 {[%emt 0:00:06]} Bb7 {[%emt 0:00:08]} 9. c3 {[%emt 0:00:41]} d5 {[%emt 0:00:33]} 10. d4 {[%emt 0:02:17]} exd4 {[%emt 0:01:36]} 11. e5 {[%emt 0:00:01]} Ne4 {[%emt 0:00:06]} 12. cxd4 {[%emt 0:00:52]} Na5 {[%emt 0:00:49]} 13. Bc2 {[%emt 0:00:02]} f5 {[%emt 0:01:08]} 14. exf6 {[%emt 0:00:42]} Bxf6 {[%emt 0:00:07]} 15. Nc3 {[%emt 0:00:52]} b4 {[%emt 0:00:42]} 16. Ne2 {[%emt 0:04:23]} Qd7 {[%emt 0:00:08]} 17. Nf4 {[%emt 0:01:17]} Rae8 {[%emt 0:00:10]} 18. Nd3 {[%emt 0:01:12]} Nc6 {[%emt 0:01:59]} 19. Nde5 {[%emt 0:00:45]} Qd8 {[%emt 0:02:14]} 20. Bf4 {[%emt 0:01:21]} Bxe5 {[%emt 0:01:17]} 21. Bxe5 {[%emt 0:00:02]} Nxe5 {[%emt 0:00:10]} 22. Nxe5 {[%emt 0:01:48]} Qh4 {[%emt 0:01:51]} 23. f3 {[%emt 0:01:04]} Nd6 {[%emt 0:01:53]} 24. g3 {[%emt 0:00:11]} Qh3 {[%emt 0:00:34]} 25. b3 {[%emt 0:00:48]} Bc8 {[%emt 0:00:33]} 26. Bd3 {[%emt 0:00:19]} Nf7 {[%emt 0:01:17]} 27. Rc1 {[%emt 0:00:23]} Ng5 {[%emt 0:00:34]} 28. f4 {[%emt 0:00:02]} Ne4 {[%emt 0:00:24]} 29. Bxe4 {[%emt 0:00:10]} dxe4 {[%emt 0:00:01]} 30. Rxc7 {[%emt 0:00:14]} Bf5 {[%emt 0:00:29]} 31. Qe2 {[%emt 0:00:09]} e3 {[%emt 0:00:20]} 32. Qxe3 {[%emt 0:00:08]} Be6 {[%emt 0:00:03]} 33. Qe4 {[%emt 0:00:09]} Bxb3 {[%emt 0:00:32]} 34. Qb7 {[%emt 0:00:17]} Rd8 {[%emt 0:00:14]} 35. Rxg7+ {[%emt 0:00:14]} Kh8 {[%emt 0:00:01]} 36. Rd7 {[%emt 0:00:10]} Rxd7 {[%emt 0:00:29]} 37. Nxd7 {[%emt 0:00:04]} Rd8 {[%emt 0:00:06]} 38. Nf6 {[%emt 0:00:13]} Qh6 {[%emt 0:00:21]} 39. Qe7 {[%emt 0:00:09]} Rf8 {[%emt 0:00:01]} 40. Nd7 {[%emt 0:00:07]} Rf7 {[%emt 0:00:18]} 41. Qe5+ {[%emt 0:00:14]} Kg8 {[%emt 0:00:01]} 42. Qe8+ {[%emt 0:00:09]} Kg7 {[%emt 0:00:02]} 43. Re7 {[%emt 0:00:17]} Qd6 {[%emt 0:00:24]} 44. Qf8+ {[%emt 0:00:08]} Kg6 {[%emt 0:00:02]} 45. Qg8+ {[%emt 0:00:12]} Kh6 {[%emt 0:00:11]} 46. Qg5# {[%emt 0:00:02]} 1-0

[Event "IMSA Rapid Women 2019"]
[Site "Hengshui"]
[Date "2019.05.16"]
[Round "10.12"]
[White "Gunina, Valentina"]
[Black "Paehtz, Elisabeth"]
[Result "1/2-1/2"]
[WhiteElo "2506"]
[BlackElo "2470"]
[Annotator "TA"]
[PlyCount "157"]
[EventDate "2019.05.14"]
[EventType "rapid"]
[EventCountry "CHN"]
[SourceTitle "playchess.com"]
[Source "ChessBase"]
[SourceQuality "1"]

{[%evp 12,157,27,8,14,0,23,9,25,12,5,18,24,0,0,0,0,11,0,-29,-35,-29,-61,-40,37,42,42,35,19,8,20,6,12,0,32,20,23,15,13,7,25,35,34,40,39,31,34,31,37,39,39,44,41,14,34,14,8,12,15,0,0,0,8,0,0,0,16,0,0,-17,-5,-8,-5,-11,0,-453,-446,-421,-411,-410,-413,-676,-676,-5042,-590,-574,-559,-550,0,-541,-513,-471,0,0,0,0,0,0,0,0,0,0,0,0,0,0,0,-1,0,0,0,0,0,0,0,0,0,0,0,0,0,0,0,0,0,-13,-13,-13,-13,-13,-13,-13,-13,-13,-13,-13,0,0,0,-13,0,0,0,0,0,0,0,0]} 1. e4 c5 2. Nf3 d6 3. d4 Nf6 4. Nc3 cxd4 5. Nxd4 a6 6. h3 Nc6 7. Be3 e5 {B90: Sicilian Najdorf: Unusual White 6th moves, 6 Be3 Ng4 and 6 Be3 e5} (7... e6 8. g4 Qc7 9. Bg2 Nd7 10. Qe2 Na5 11. O-O-O Nc4 12. Bf4 Nde5 13. Bg3 g5 14. h4 gxh4 15. Rxh4 {1-0 (36) Leko,P (2731)-Grischuk,A (2795) Sochi 2014}) 8. Nf3 Be6 9. Ng5 Rc8 $146 ({Predecessor:} 9... d5 10. exd5 Bxd5 11. Nxd5 Qxd5 12. Qxd5 Nxd5 13. Bc4 Nxe3 14. fxe3 Nd8 {1-0 (41) Polzin,R (2469)-Muse,D (2388) Germany 2011}) 10. Nxe6 fxe6 11. Be2 Be7 12. Bg4 Qd7 13. O-O O-O 14. Nd5 Nxg4 15. Qxg4 {Strongly threatening Nb6.} Bd8 {aiming for ...h5.} 16. Nb6 Bxb6 $1 17. Bxb6 Nd4 (17... Ne7 $15) 18. c3 $36 {[%mdl 2048] White is more active.} Rf4 19. Qd1 Qc6 20. Bxd4 exd4 21. Qxd4 Rxe4 22. Qd2 Rf8 23. Rad1 d5 24. f3 Qc5+ 25. Kh1 Re3 26. Qf2 {And now Rd3! would win.} Rc8 27. Rd4 Re5 $1 28. Qd2 Rf8 29. Rc1 b5 30. a4 a5 31. b4 Qb6 $1 32. f4 Ref5 33. bxa5 Qxa5 34. axb5 Qxb5 35. Re1 R5f6 36. Kh2 h6 37. h4 Qb8 {[%cal Rf6f4]} 38. g3 Qb5 39. Kh3 Rc8 40. g4 Qa5 41. Re3 Qa1 42. g5 Qf1+ 43. Kh2 $2 {[%mdl 8192]} (43. Qg2 $11 {and White is okay.} Rxf4 44. Qxf1 Rxf1 45. gxh6) 43... Rxf4 $19 44. Rxf4 Qxf4+ {[%mdl 4160] [#] Endgame Double Attack. KQR-KQR} 45. Kg2 hxg5 46. Qe1 (46. Qd4 $142 Qxd4 47. cxd4 gxh4 48. Kh3) 46... gxh4 47. Rxe6 {[#] and the idea Re8+ leaves White hopeful.} Rf8 (47... h3+ $142 $1 48. Kxh3 Qf3+ 49. Kh2 Rxc3 50. Re8+ Kh7 51. Qh4+ Kg6) 48. Re3 Qg4+ 49. Kh2 Qf4+ 50. Kg2 $1 Rf5 51. Kh3 Rg5 $2 ({Black should play} 51... g5 $19 52. Kg2 Kh7 53. Re7+ Kh6) 52. Re8+ $11 {The position is equal.} Kh7 {( -> ...Qg4+)} 53. Qxh4+ Qxh4+ 54. Kxh4 {KR-KR} Rf5 55. Kg4 Kg6 56. Rd8 Re5 57. Rd6+ Kf7 58. Kf4 Rh5 59. Kg4 g6 (59... Ke7 {is interesting.} 60. Rg6 Rh1 61. Kf5 Re1 62. Rxg7+ Kd6) 60. c4 dxc4 {...Rc5 is the strong threat.} 61. Rc6 Rh1 {White must now prevent ...Rc1.} 62. Rxc4 Rg1+ 63. Kf3 Kf6 64. Kf2 Ra1 (64... Rb1 {seems wilder.} 65. Kg3 g5 66. Rc6+ Kg7 67. Kg4 Rg1+) 65. Kg3 Kg5 66. Rc5+ Kh6 67. Rc4 g5 68. Kg2 Kh5 69. Rb4 Rd1 70. Ra4 Rd3 71. Rb4 Kg6 72. Rb6+ Kf5 73. Rb5+ Kf4 74. Rb4+ Ke5 75. Ra4 Rd4 76. Rxd4 Kxd4 77. Kg3 Kd3 78. Kg4 Kd4 79. Kxg5 {Accuracy: White = 61%, Black = 58%.} 1/2-1/2

[Event "IMSA Rapid Women 2019"]
[Site "Hengshui"]
[Date "2019.05.16"]
[Round "10.13"]
[White "Zhao, Xue"]
[Black "Stefanova, Antoaneta"]
[Result "0-1"]
[WhiteElo "2485"]
[BlackElo "2470"]
[Annotator "TA"]
[PlyCount "104"]
[EventDate "2019.05.14"]
[EventType "rapid"]
[EventCountry "CHN"]
[SourceTitle "playchess.com"]
[Source "ChessBase"]
[SourceQuality "1"]

{[%evp 9,104,21,50,50,78,48,59,35,53,17,39,0,0,-28,6,9,9,-35,4,-2,1,0,27,7,16,-25,-25,-22,-47,-35,-38,-20,-5,-6,26,0,0,0,0,-20,0,-19,-16,-35,-35,-40,-40,-41,-40,-55,-60,-71,-58,-72,-24,-9,-17,-16,-4,-81,-82,-113,-51,-777,-799,-783,-777,-856,-573,-534,-484,-466,-493,-489,-458,-445,-447,-552,-493,-543,-545,-521,-520,-538,-529,-537,-552,-564,-515,-502,-479,-679,-475,-688,-673,-924,-923]} 1. c4 e6 2. Nf3 d5 3. e3 c6 4. b3 Be7 (4... f5 5. Be2 Nf6 6. O-O Nbd7 7. cxd5 exd5 8. Qc2 g6 9. Bb2 Bd6 10. d3 O-O 11. Nbd2 Re8 12. Rae1 Bf8 {1-0 (67) Andreikin,D (2719)-Yudin,S (2507) St Petersburg 2018}) 5. Bb2 Bf6 6. d4 {A11: English Opening: 1...c6} Ne7 7. Nbd2 g6 $146 ({Predecessor:} 7... dxc4 8. Bxc4 Ng6 9. Qc2 Nd7 10. Ne4 Be7 11. h4 h6 12. h5 {1-0 (22) Ivanov,V (2375)-Antonov,V Moscow 1996}) 8. e4 {White is slightly better.} Bg7 9. e5 Nd7 10. cxd5 exd5 11. h4 h5 12. Ng5 {Threatening e6.} Nf8 13. Qf3 Bf5 (13... Nf5 {seems wilder.} 14. Bd3 Bh6 15. Bxf5 Bxf5 16. Qe3 Ne6) 14. Qe3 Ne6 15. Be2 Nxg5 (15... O-O {looks sharper.} 16. O-O a5 17. Rfe1 a4 18. b4 Bh6) 16. hxg5 Be6 17. O-O-O a5 18. a3 Nf5 19. Qf4 Qb6 20. Kb1 O-O-O 21. Ka2 Rhg8 22. Nb1 Bf8 23. Nc3 Qa7 24. Qd2 Kb8 25. Na4 c5 26. dxc5 Bxc5 27. Nxc5 Qxc5 28. Bd3 a4 29. Rc1 axb3+ 30. Ka1 Qb6 31. Bc3 d4 32. Bb4 Rc8 $36 {[%mdl 2048] Black is more active.} 33. Kb2 Bd5 34. Ba5 (34. Rhd1 $11) 34... Qe6 $17 35. Qb4 Bxg2 (35... Qxe5 $17 36. Rhe1 Qf4 {[%mdl 64] Double Attack}) 36. Bb6 $2 {[%mdl 8192] [#]} (36. Rhg1 $15) 36... Bxh1 $19 {Black is clearly winning.} 37. Rxh1 Rc6 (37... Rc3 $2 38. Be4 $19) 38. Ba5 Qxe5 39. Re1 Qc5 40. Qxc5 Rxc5 41. Bb4 Rc6 42. Kxb3 Rgc8 {[#] Hoping for ...Rc3+!} 43. Ka4 Re6 44. Rd1 Ne7 45. Bb5 Nc6 46. Bd2 Ka7 47. Kb3 Re5 48. a4 Rf5 49. f4 Rd5 50. Re1 (50. Bd3 $142) 50... Rd7 51. Re4 (51. Bd3 $142) 51... h4 52. Bf1 Re7 {Accuracy: White = 29%, Black = 62%.} 0-1